Praktická príručka pre organizácie nezriadené za účelom podnikania účtujúce v podvojnom účtovníctve legislatívny stav k 1.1.2005
Gespeichert in:
| 1. Verfasser: | |
|---|---|
| Weitere Verfasser: | |
| Format: | Buch |
| Sprache: | Slowakisch |
| Veröffentlicht: |
Bratislava
1. Slovenské neziskové servisné centrum
2005
|
| Schlagworte: | |
| Tags: |
Keine Tags, Fügen Sie das erste Tag hinzu!
|
MARC
| LEADER | 00000nam$a2200000$$$4500 | ||
|---|---|---|---|
| 001 | 0035421 | ||
| 005 | 20240313133359.1 | ||
| 020 | |a 80-968754-4-2 | ||
| 041 | 0 | |a slo | |
| 044 | |a SK | ||
| 245 | 1 | 0 | |a Praktická príručka pre organizácie nezriadené za účelom podnikania účtujúce v podvojnom účtovníctve |b legislatívny stav k 1.1.2005 |c Marcela Dobešová, Jana Vršková |
| 264 | 1 | |a Bratislava |b 1. Slovenské neziskové servisné centrum |c 2005 | |
| 300 | |a 352 s. | ||
| 610 | 2 | 0 | |a účtovníctvo podvojné |
| 610 | 2 | 0 | |a organizácie neziskové |
| 610 | 2 | 0 | |a jednotka účtovná |
| 610 | 2 | 0 | |a účtovanie |
| 610 | 2 | 0 | |a legislatíva |
| 100 | 1 | |a Dobešová, Marcela | |
| 700 | 1 | |a Vršková, Jana | |